Jing ming hun yin xin hun fu fu zhi nan (Chinese)

Bibliographic Details
Format: Book
Published: Kuala Lumpur : Lembaga Penduduk dan Pembangunan Keluarga Negara , 2006
Subjects:

MARC

LEADER 00000cam a2200000 7i4500
001 0000023656
005 20081009.0
008 081009
020 |a 9833624030 
090 0 0 |a 306.872   |b JIN 
245 1 0 |a Jing ming hun yin xin hun fu fu zhi nan (Chinese) 
260 |a Kuala Lumpur :   |b Lembaga Penduduk dan Pembangunan Keluarga Negara ,   |c 2006 
650 0 |a Family 
650 0 |a Husband and wife 
650 0 |a Marriage 
999 |a 0001036894   |b Book   |c Chinese Collection   |e Perbadanan Perpustakaan Awam Johor 
999 |a 0001036896   |b Book   |c Chinese Collection   |e Perbadanan Perpustakaan Awam Johor 
999 |a 0001036897   |b Book   |c Chinese Collection   |e Perbadanan Perpustakaan Awam Johor 
999 |a 0001152185   |b Book   |c Adult Collection   |e Cawangan Urban Transformation Centre 
999 |a 0001152187   |b Book   |c Adult Collection   |e Cawangan Urban Transformation Centre 
999 |a 0001152189   |b Book   |c Chinese Collection   |e Cawangan AEON Kulaijaya